| 000 | 00000nam 2200000za 4500 |
| 001 | 9.649303 |
| 003 | CaOODSP |
| 005 | 20210615113624 |
| 007 | ta |
| 008 | 150407|2004||||xxc||||| f|0| 0 eng d |
| 020 | |a0-660-19318-3 |
| 040 | |aCaOODSP|beng |
| 043 | |an-cn--- |
| 086 | 1 |aNH15-424/2004E |
| 245 | 00|aExterior insulation and finish systems : |bbest practice guide, building technology |
| 246 | 1 |aExterior insulation and finish systems (EIFS) |
| 260 | |aOttawa - Ontario : |bCanada Mortgage and Housing Corporation |c2004. |
| 520 | 3 |aThis best practices guide provides technical information on how to improve exterior insulation and finish systems. Chapters cover system selection, cladding design, and retrofits. A chapter entitled Details summarizes the construction sequence for window heads, windowsills, balcony interfaces, wall exhaust, expansion joints, roof parapets, and other building junctions. Includes a glossary, technical appendix, inspector’s checklist, colour specifications for field-applied and prefabricated exterior insulation and finish panel systems, references, and numerous illustrations. |
| 563 | |aBinder |
| 590 | |a05-13|b2005-04-01 |
| 690 | 07|aHandbooks|2gcpds |
| 690 | 07|aInsulation|2gcpds |
| 710 | 2 |aCanada Mortgage and Housing Corporation. |
| 775 | 08|tSystèmes d'isolation des façades avec enduit : |w(CaOODSP)9.682511 |
| 776 | 0#|tExterior insulaltion and finish systems |w(CaOODSP)9.825823 |
| 986 | |a63567 |